000 00657nam a2200205Ii 4500
003 JO-AjNU
008 230605s9999||||xx |||||||||||||| ||und||
017 _a2015/3/610
040 _aJO-AjNU
_bara
_erda
_cJO-AjNU
041 _aara
050 1 4 _aPJ6066 2015
100 3 _aوضع وترتيب شاكر، محمود,
_eauthor
_951508
245 0 0 _aمقدمة في اللغة العربية
264 3 1 _aعمان: المؤلف، 2015
300 _a156ص
336 _atext
_btxt
_2rdacontent
337 _aunmediated
_bn
_2rdamedia
338 _avolume
_bnc
_2rdacarrier
650 4 _aاللغة العربية - تعلم اللغة الثانية
_951509
999 _aA22760
_c26328
_d26328